000 00886nam a22002657a 4500
005 20230624161525.0
008 190405t xxu||||| |||| 00| 0 eng d
040 _cCSPC
082 0 _a728.37
_bL962b
100 _aLubrica, Jose B.,
_eauthor.
245 0 0 _aBuilding construction
_bhouse wiring, house plumbing and estimating/
_cJose B. Lubrica
260 _aQuezon City:
_bManlapaz Publishing Co.,
_c1966.
300 _a304 pages:
_bfigures;
_c25 cm.
336 _2rdacontent
_atext
337 _2rdamedia
_aunmediated
338 _2rdacarrier
_avolume
500 _aIncludes Index,
504 _aIncludes Bibliography page (299).
650 1 0 _aHouse construction.
650 1 0 _aDwellings
_xDesign and construction.
940 _aLenie
942 _cBOOK
_jFIL 728.37 L962b 1966
999 _c25784
_d25784